| 000 | 01646nam a2200457 i 4500 | ||
|---|---|---|---|
| 001 | 15181 | ||
| 003 | KOSZ 005 | ||
| 005 | 20211215100606.0 | ||
| 008 | 200404s1968 pl f 000 0 pol | ||
| 035 | _a991017537889705066 | ||
| 035 | _a(PL-WaBN)b57704041-48omnis_nlop | ||
| 035 | _ab57704041 | ||
| 035 | _a(OCoLC)1036421015 | ||
| 035 | _a(PL)b0000005770404 | ||
| 035 | _a(EXLNZ-48OMNIS_NETWORK)9910407210505606 | ||
| 040 |
_aWA N _cWA N _dKOSZ 005/RW |
||
| 046 | _k1968 | ||
| 080 | _a374.7 | ||
| 080 | _a808.2 | ||
| 080 | _a(075.8) | ||
| 100 | 1 |
_aBiałobrzeska, Irena _eAutor |
|
| 245 | 1 | 0 |
_aWytyczne dla autorów i redaktorów skryptów dla studentów studiów dla pracujących / _cIrena Białobrzeska. |
| 260 |
_aGliwice : _bOśrodek Metodyczny Wyższych Studiów Technicznych dla Pracujących, _c1968. |
||
| 300 |
_a13, [1] strona ; _c24 cm. |
||
| 336 |
_aTekst _btxt _2rdacontent |
||
| 337 |
_aBez urządzenia pośredniczącego _bn _2rdamedia |
||
| 338 |
_aWolumin _bnc _2rdacarrier |
||
| 380 | _aKsiążki | ||
| 380 | _aPoradniki i przewodniki | ||
| 388 | 1 | _a1901-2000 | |
| 388 | 1 | _a1945-1989 | |
| 650 | 7 |
_aNauczanie dorosłych _2DBN |
|
| 650 | 7 |
_aSzkolnictwo wyższe _2DBN |
|
| 650 | 7 |
_aEdytorstwo _2DBN |
|
| 655 | 7 |
_aPoradnik _2DBN |
|
| 658 | _aBibliotekarstwo, archiwistyka, muzealnictwo | ||
| 710 | 2 |
_aMiędzyuczelniany Ośrodek Metodyczny Wyższych Studiów Technicznych dla Pracujących (Gliwice) _4pbl |
|
| 856 |
_uhttp://koha.tu.koszalin.pl/cgi-bin/koha/opac-detail.pl?biblionumber=15181 _yKatalog online BPK |
||
| 942 |
_2UKD _cKS |
||
| 999 |
_c15181 _d15181 |
||